000 00612nam a22002297a 4500
003 UA-OsUOA
001 49198
007 ta
008 20070925b un ||||| |||| 00| 0 ukr d
100 _aШалата М.
090 _a82.09
_bШ18
942 _cBK
040 _aUA-OsUOA
_bukr
_cUA-OsUOA
_dUA-OsUOA
245 _aГодина для праці настала...
300 _a255 с.
955 _a3
041 _aukr
080 _a82.09
260 _aДрогобич
_bВідродження
_c1997
650 7 _a82 Література. Літературознавство
_2UDC
999 _c335307
_d335307